| 000 | 00930cam a2200241 4500 | ||
|---|---|---|---|
| 001 | ABS65832 | ||
| 008 | 020910n2002 000 0 eng u | ||
| 035 | _a(Sirsi) u119639 | ||
| 100 | _aLewin, L | ||
| 245 | _aHomeowner logbooks a step too far | ||
| 260 | _c2002 | ||
| 490 |
_aJournal of the Law Society of Scotland _v(47 no 8) 21-24(4) |
||
| 520 | _aDescribes the Law Society of Scotland's Conveyancing Committee's belief that the principle of caveat emptor should be retained. Also suggests that idea of homeowners keeping logbooks of repair work should be resisted. | ||
| 590 | _aABS | ||
| 650 | _aCAVEAT EMPTOR | ||
| 650 | _aCONVEYANCING | ||
| 650 | _aHOMEOWNERS | ||
| 650 | _aPROPERTY-RESIDENTIAL PROPERTY-ACQUISITION AND DISPOSAL OF RESIDENTIAL PROPERTY | ||
| 650 | _aPROPERTY-RESIDENTIAL PROPERTY-ACQUISITION AND DISPOSAL OF RESIDENTIAL PROPERTY | ||
| 650 | _aSCOTLAND | ||
| 690 | _aHOUSING | ||
| 942 | _n0 | ||
| 999 |
_c71118 _d71118 |
||